000 00329 a2200157 4500
001 61080
020 _a8532256236
040 _cAnchieta - Pituba
100 _aGiontow, Cris
240 1 0 _aIn @ction 5
_lpor
245 1 0 _aIn @ction 5
300 _a152/32
362 0 _a2003
650 4 _aInglês e inglês antigo
942 _cBK
999 _c61080
_d61080